Obchodníci a obchodní společnosti se zvláštním zřetelem k právu firemnímu

Uložené v:
Podrobná bibliografia
Médium: Kniha
Jazyk:Czech
Vydavateľské údaje: Praha Josef Svoboda 1935
Tagy: Pridať tag
Žiadne tagy, Buďte prvý, kto otaguje tento záznam!

MARC

LEADER 00000nam a2200000 4500
001 0268708
005 20240702075444.9
041 0 |a cze 
044 |a -CS 
245 1 0 |a Obchodníci a obchodní společnosti se zvláštním zřetelem k právu firemnímu  |c Jaroslav Štěpina 
264 1 |a Praha  |b Josef Svoboda  |c 1935